000 01947cam a2200325 a 4500
005 20171204160113.0
008 910214m19899999mx ab bc f001 0 spa
020 _a9683610056 (v. 1)
020 _a9683627803 (v. 2)
020 _a9683610048 (serie)
040 _aDLC
_cDLC
_dDLC
_dCO-BoIAVH
041 0 _aspa
_beng
043 _an-mx---
082 0 4 _a591.972
_bL77l
245 0 0 _aListados faunísticos de México.
260 _aMéxico :
_bUniversidad Nacional Autónoma de México,
_c1989-<2007>
300 _av. <1, 3, 6-8, 12> :
_bill., maps ;
_c28 cm.
500 _a"Instituto de Biologia"--Vol. 1, cover.
500 _aVol. 12: 1. ed.
504 _aIncludes bibliographical references and index.
505 1 _a1. Crustáceos estomatopodos y decaodos intermareales de las islas del Golfo de California, México / José Luis Villalobos Hiriart ... [et al.] -- 3. Los peces dulceacuícolas mexicanos / Hector Espinosa Pérez, Teresa Gaspar Dillanes, Patricia Fuentes Mata -- 6. Helmintos parasitos de peces de aguas continentales de Mexico / Gerardo Perez-Ponce de Leon ... [et al.] -- 7. Catalogo sistematico de las rayas y especies afines de México : Chondrichthyes:Elasmobranchii:Rajiformes:Batoideiomorpha / Jose Luis Castro-Aguirre, Hector Espinosa Perez -- 8. Lista anotada de los mamiferos terrestres de la Reserva de Dzilam, Yucatan, Mexico / Silvia Hernandez Betancourt ... [et al.] -- v. 12. Aves de la Reserva de Ria Lagartos, Yucatan / Gabriela Ibanez Hernandez, Ticul Alvarez Solorzano
546 _aVol. 3, 6-8, 12: abstract also in English.
650 0 _aAnimales
_zMexico.
_987603
650 0 _aZoología
_vCatalogos y colecciones
_zMexico.
_987604
650 0 _aWild animal collectors
_zMexico.
_987605
650 0 _aAnimales silvestres
_956766
700 1 _aVillalobos Hiriart, José Luis.
_956767
710 2 _aUniversidad Nacional Autonoma de Mexico.
_bInstituto de Biologia.
_987606
942 _2ddc
_cLIBRO
999 _c3690
_d3690